| 000 | 00669nam a22002177a 4500 | ||
|---|---|---|---|
| 999 |
_c18196 _d18196 |
||
| 003 | AR-CdUCM | ||
| 008 | 190513b ||||| |||| 00| 0 spa d | ||
| 040 |
_aMUNICIPALIDAD PROVINCIAL DEL CUSCO _cBIBLIOTECA MUNICIPAL DEL CUSCO |
||
| 082 |
_a890.83 / _bIS84 |
||
| 100 |
_aIstrati, Panait _935294 |
||
| 245 | _aVida de Adrian Zograffi La casa Thuringer / | ||
| 260 |
_aSantiago : _bLuz, |
||
| 300 |
_a199 paginas ; _bIlustraciones, graficos, dibujos, _c19 cm. |
||
| 500 | _aNovela y literatura | ||
| 650 |
_aNovela _95 |
||
| 650 |
_aLiteratura _983 |
||
| 650 |
_aHistoria _9136 |
||
| 700 |
_aMeza T, Julio _925982 |
||
| 942 |
_2ddc _cLIBROS |
||
| 945 |
_apjha _d2019-05-13 |
||